00551nam a22001457a 4500003000400000005001700004008004100021040001400062100002700076245012600103260000900229300003200238500010200270504003300372OSt20171010095518.0120816t xxu||||| |||| 00| 0 eng d aMMSUcULS aAgcaoili, Reynaldo D.  aElectronic real property tax administration (e-RPTA) in Ilocos Norte: basis for policy formulation cReynaldo D. Agcaoili c2004 axviii, 220 leaves c28 cm.  aThesis (Ph.D. Rural Development) -- Mariano Marcos State University-Graduate School, Laoag City  aBibliography: leaves 137-140